Diseño socialmente responsable: ideología y participación
Wedi'i Gadw mewn:
| Prif Awduron: | , |
|---|---|
| Fformat: | Llyfr |
| Iaith: | Sbaeneg |
| Cyhoeddwyd: |
Bogotá
Pontificia Universidad Javeriana
2009
|
| Rhifyn: | 1a. ed |
| Pynciau: | |
| Tagiau: |
Ychwanegu Tag
Dim Tagiau, Byddwch y cyntaf i dagio'r cofnod hwn!
|
MARC
| LEADER | 00000cam a2200000 a 4500 | ||
|---|---|---|---|
| 001 | UCC7849 | ||
| 003 | CL-VaPUC | ||
| 008 | 190510e20090000ck |||||||||||||||||spa|d | ||
| 020 | |a 9789587162295 | ||
| 082 | 0 | 4 | |a 745.4 |b BAR |2 21 |
| 100 | 0 | |a Barrera Jurado, Gloria Stella |e author |9 602591 | |
| 700 | 0 | |a Quiñones Aguilar, Ana Cielo |e author |9 602592 | |
| 245 | 1 | 0 | |a Diseño socialmente responsable: ideología y participación |
| 250 | |a 1a. ed | ||
| 300 | |a 108 p | ||
| 942 | |c BK | ||
| 945 | |d 20190510 15:30:00 |a dcastane | ||
| 260 | |a Bogotá |b Pontificia Universidad Javeriana |c 2009 | ||
| 650 | 0 | |a Diseño industrial |9 262726 | |
| 650 | 0 | |a Responsabilidad social |9 339076 | |
| 583 | |a last modification |c 20190510 15:30:00 |k Rodrigo Vera | ||
| 999 | |c 374398 |d 374396 | ||
| 952 | |0 0 |1 0 |3 erb |4 0 |6 745_400000000000000_BAR_2009 |7 0 |8 A |9 492913 |a BIBARQ |b BIBARQ |i 5546761 |l 2 |o 745.4 BAR 2009 |p 5546761 |r 2025-01-20 |s 2023-04-13 |w 2019-11-24 |y BK |z Catalogado en:20190510 |k ARQ | ||